Introductory biostatistics
Provides many real-data sets in various fields in the form of examples at at the end of all twelve chapters in the form of exercises. Covers all of the nuts and bolts of biostatistics in a user-friendly style that motivates readers. Contains notes on computations at the end of most chapters, coverin...
Đã lưu trong:
| 主要作者: | |
|---|---|
| 格式: | 圖書 |
| 語言: | Undetermined |
| 出版: |
Hoboken, N.J.
Wiley-Interscience
2003
|
| 主題: | |
| 標簽: |
添加標簽
沒有標簽, 成為第一個標記此記錄!
|
| Thư viện lưu trữ: | Trung tâm Học liệu Trường Đại học Cần Thơ |
|---|
| LEADER | 00960nam a2200217Ia 4500 | ||
|---|---|---|---|
| 001 | CTU_164663 | ||
| 008 | 210402s9999 xx 000 0 und d | ||
| 020 | |c 156 | ||
| 082 | |a 610.15195 | ||
| 082 | |b L433 | ||
| 100 | |a Le, Chap T. | ||
| 245 | 0 | |a Introductory biostatistics | |
| 245 | 0 | |c Chap T. Le | |
| 260 | |a Hoboken, N.J. | ||
| 260 | |b Wiley-Interscience | ||
| 260 | |c 2003 | ||
| 520 | |a Provides many real-data sets in various fields in the form of examples at at the end of all twelve chapters in the form of exercises. Covers all of the nuts and bolts of biostatistics in a user-friendly style that motivates readers. Contains notes on computations at the end of most chapters, covering the use of Excel, SAS, and others. | ||
| 650 | |a Biometry,Medical sciences,Sinh trắc học,Khoa học y khoa | ||
| 650 | |x Statistical methods,Phương pháp thống kê | ||
| 904 | |i Năm | ||
| 980 | |a Trung tâm Học liệu Trường Đại học Cần Thơ | ||